Normal view
MARC view
- Orsburn, Jack D.
Entry Personal Name
001 - CONTROL NUMBER
- control field: 6838
003 - CONTROL NUMBER IDENTIFIER
- control field: OSt
005 - DATE AND TIME OF LATEST TRANSACTION
- control field: 20170522125008.0
008 - FIXED-LENGTH DATA ELEMENTS
- fixed length control field: 170522|| aca||aabn | a|a d
040 ## - CATALOGING SOURCE
- Original cataloging agency: OSt
- Transcribing agency: OSt
100 ## - HEADING--PERSONAL NAME
- Personal name: Orsburn, Jack D.
670 ## - SOURCE DATA FOUND
- Source citation: Work cat.: (OSt): Orsburn, Jack D., The new self-directed work teams :, 1999

PORTAL AKMAL
E-MEL JKDM
AKMAL2U
G-BAM
u-PUSTAKA